000 00594cam a2200145 4500500
005 20260111094755.0
041 _afre
042 _adc
100 1 0 _aLeblanc, Edgar
_eauthor
245 0 0 _aAssociation La Loure, Portr’Haie Héritage et devenir du paysage de bocage, Vire, La Loure, coll. « Empreintes n° 1 », Loure 18, 2023, 199 p.
260 _c2025.
500 _a2
786 0 _nHistoire & Sociétés Rurales | 63 | 1 | 2025-11-13 | p. 222-222 | 1254-728X
856 4 1 _uhttps://shs.cairn.info/revue-histoire-societes-rurales-2025-1-page-222?lang=fr&redirect-ssocas=7080
999 _c1629263
_d1629263